Quick Fire Flags - HARD - Statistics

General Stats
  • This quiz has been taken 14 times
  • The average score is 9 of 10
Answer Stats
Picture Answer % Correct
Bhutan
100%
Lesotho
100%
Liechtenstein
100%
Antigua and Barbuda
92%
Equatorial Guinea
92%
Montenegro
92%
Timor Leste
92%
Comoros
85%
Nauru
85%
Solomon islands
69%
No matching quizzes found
Score Distribution
Percent of People with Each Score
Percentile by Number Answered
Your Score History
You have not taken this quiz